000 00275nam a2200121Ia 4500
005 20260328101459.0
008 260328s9999||||xx |||||||||||||| ||und||
100 _aPaustian
245 0 _aAlvar Aalto mobler /
_cPaustian
260 _b----
650 _aARQUITECTOS
942 _cBK
999 _c8924
_d8924